El arte y sus interrogantes /
Guardado en:
| Autor Principal: | |
|---|---|
| Formato: | Libro |
| Publicado: |
Buenos Aires :
Nueva Vision,
1959
|
| Materias: | |
| Etiquetas: |
Agregar Etiqueta
Sin Etiquetas, Sea el primero en etiquetar este registro!
|
| LEADER | 00525nam a22001815a 4500 | ||
|---|---|---|---|
| 001 | EHU.bham026397 | ||
| 003 | AR-BHAM | ||
| 005 | 20110509115325.0 | ||
| 008 | 130507s1959##################000#0#####d | ||
| 082 | 7 | 0 | |a 701 |
| 100 | 1 | |a Worringer, Wilhelm | |
| 245 | 1 | 0 | |a El arte y sus interrogantes / |c Wilhelm Worringer |
| 260 | |a Buenos Aires : |b Nueva Vision, |c 1959 | ||
| 300 | |a 132 p. | ||
| 500 | |a Trad. Por Elsa Tabernig | ||
| 653 | |a Arte | ||
| 653 | |a Arte-filosofia del | ||
| 859 | |a AR-BHAM |b BIB. HUMANIDADES - General |h 701 |i W896-2 |p 158.04 |t Ej.1 | ||
